My Encyclopedia of Very IMPORTANT THINGS / (Record no. 176272)
[ view plain ]
| 000 -LEADER | |
|---|---|
| fixed length control field | 01659nam a22003851i 4500 |
| 003 - CONTROL NUMBER IDENTIFIER | |
| control field | OSt |
| 005 - DATE AND TIME OF LATEST TRANSACTION | |
| control field | 20231109110823.0 |
| 008 - FIXED-LENGTH DATA ELEMENTS--GENERAL INFORMATION | |
| fixed length control field | 200130t20162016enkao jr 001 0 eng d |
| 020 ## - INTERNATIONAL STANDARD BOOK NUMBER | |
| International Standard Book Number | 9780241224939 |
| Terms of availability | RM 86.95 |
| Qualifying information | hardback |
| 040 ## - CATALOGING SOURCE | |
| Original cataloging agency | PPAK |
| Language of cataloging | eng |
| Transcribing agency | PPAK |
| Description conventions | rda |
| 082 04 - DEWEY DECIMAL CLASSIFICATION NUMBER | |
| Classification number | 032.02 |
| Edition number | 23 |
| 090 ## - LOCALLY ASSIGNED LC-TYPE CALL NUMBER (OCLC); LOCAL CALL NUMBER (RLIN) | |
| Classification number (OCLC) (R) ; Classification number, CALL (RLIN) (NR) | 032.02 |
| Feature heading | MYE |
| Feature heading | RK |
| 245 10 - TITLE STATEMENT | |
| Title | My Encyclopedia of Very IMPORTANT THINGS / |
| Statement of responsibility, etc. | Project Editor : James Mitchem , Edited by Sophia Danielsson-Waters, Helene Hilton, Violet Peto |
| 246 ## - VARYING FORM OF TITLE | |
| Title proper/short title | Very important things |
| 264 #1 - PRODUCTION, PUBLICATION, DISTRIBUTION, MANUFACTURE, AND COPYRIGHT NOTICE | |
| Place of production, publication, distribution, manufacture | London : |
| Name of producer, publisher, distributor, manufacturer | DK Publishing, |
| Date of production, publication, distribution, manufacture, or copyright notice | 2016 |
| Date of production, publication, distribution, manufacture, or copyright notice | ©2016 |
| 300 ## - PHYSICAL DESCRIPTION | |
| Extent | 224 pages : |
| Other physical details | colour illustrations, colour maps ; |
| Dimensions | 26 cm |
| 336 ## - CONTENT TYPE | |
| Content type term | text |
| Source | rdacontent |
| Content type term | still image |
| Source | rdacontent |
| 337 ## - MEDIA TYPE | |
| Media type term | unmediated |
| Source | rdamedia |
| 338 ## - CARRIER TYPE | |
| Carrier type term | volume |
| Source | rdacarrier |
| 500 ## - GENERAL NOTE | |
| General note | "For little learners who want to know everything" -- Cover.<br/> |
| General note | Includes index. |
| 505 ## - FORMATTED CONTENTS NOTE | |
| Formatted contents note | Very important things about my planet -- Very important things about places -- Very important things about animals -- Very important things about people -- Very important things about me -- Here are some other very important things.<br/> |
| 520 ## - SUMMARY, ETC. | |
| Summary, etc. | Presents facts about such topics as geography, biology, and culture. |
| 650 10 - SUBJECT ADDED ENTRY--TOPICAL TERM | |
| Topical term or geographic name entry element | Children's encyclopedias and dictionaries. |
| Topical term or geographic name entry element | Curiosities and wonders |
| Form subdivision | Juvenile literature. |
| Topical term or geographic name entry element | Curiosities and wonder. |
| 700 1# - ADDED ENTRY--PERSONAL NAME | |
| Personal name | Mitchem, James |
| Relator term | Project Editor |
| Personal name | Danielsson-Waters, Sophia |
| Relator term | editor |
| Personal name | Hilton,Helene |
| Relator term | editor |
| Personal name | Peto, Violet |
| Relator term | editor. |
| 830 #0 - SERIES ADDED ENTRY--UNIFORM TITLE | |
| Uniform title | Membina Masyarakat Celik Sains |
| 942 ## - ADDED ENTRY ELEMENTS (KOHA) | |
| Source of classification or shelving scheme | Dewey Decimal Classification |
| Koha item type | Book |
| Withdrawn | Not for loan | Current library | Shelving location | Date acquired | Total Checkouts | Full call number | Barcode | Date last seen | Date last checked out | Koha item type |
|---|---|---|---|---|---|---|---|---|---|---|
| Not For Loan | Perpustakaan Alor Setar | Rujukan Kanak-kanak | 15/03/2020 | 1 | RK 032.02 MYE | A01635405 | 29/04/2024 | 12/02/2024 | Book | |
| Not For Loan | Perpustakaan Awam Sungai Petani | Rujukan Kanak-kanak | 15/03/2020 | RK 032.02 MYE | A01635406 | 15/03/2020 | Book | |||
| Not For Loan | Perpustakaan Baling | Rujukan Kanak-kanak | 15/03/2020 | RK 032.02 MYE | A01635410 | 15/03/2020 | Book | |||
| Not For Loan | Perpustakaan Jitra | Rujukan Kanak-kanak | 15/03/2020 | RK 032.02 MYE | A01635407 | 15/03/2020 | Book | |||
| Not For Loan | Perpustakaan Kulim | Rujukan Kanak-kanak | 15/03/2020 | RK 032.02 MYE | A01635408 | 15/03/2020 | Book | |||
| Not For Loan | Perpustakaan Langkawi | Rujukan Kanak-kanak | 15/03/2020 | RK 032.02 MYE | A01635409 | 15/03/2020 | Book |